006450000a22002410004500500002600000650001500026650000900041650001200050650001600062650001500078651001000093650002100103082001900124518001500143530000800158100002300166245010200189260002100291502005700312260000900369300001700378041000800395 aBibliography: p.57-65 aLiliopsida aRice aOryzeae aRice plants aMorphology aNepal aIsozyme analysis a584.9bR27acD a2006-07-19 aDis aRai, Sanjeev Kumar aAssessment of genetic diversity of oryza species of Nepal through morphology and isozyme analysis aKathmandu, Nepal aDissertationbDegree in Botany, Tribhuvan University c2003 a65p.billus. aEng